Lineups | Champions League finals - Statistiques

Statistiques générales
  • Ce quiz a été pris 15 fois
  • Le résultat moyen est 109 sur 220
Statistiques - réponses
Réponse % Correct
Dembele
92%
Donnarumma
92%
Vitinha
92%
Doué
85%
Marquinhos
85%
Pacho
85%
Cristiano Ronaldo
77%
Fabian Ruiz
77%
Hakimi
77%
Joao Neves
77%
Nuno Mendes
77%
Vinicius
77%
Benzema
69%
Carvajal
69%
Casemiro
69%
Courtois
69%
De Bruyne
69%
Dumfries
69%
Ederson
69%
Haaland
69%
Kroos
69%
Lautaro Martinez
69%
Mbappé
69%
Rodrygo
69%
Rudiger
69%
Sommer
69%
Stones
69%
Varane
69%
Ake
62%
Alaba
62%
Alisson
62%
Alli
62%
Barella
62%
Bastoni
62%
Bellingham
62%
Di Marco
62%
Ferland Mendy
62%
Konate
62%
Kvaratskhelia
62%
Mané
62%
Mendy
62%
Modric
62%
Neymar
62%
Ramos
62%
Robertson
62%
Rodri
62%
Ruben Dias
62%
Salah
62%
Van Dijk
62%
Walker
62%
Alexander-Arnold
54%
Bale
54%
Bernardo Silva
54%
Calhanoglu
54%
Camavinga
54%
Firmino
54%
Godin
54%
Griezmann
54%
Gundogan
54%
Kane
54%
Kanté
54%
Kimmich
54%
Koke
54%
Lewandowski
54%
Lloris
54%
Mandzukic
54%
Matip
54%
Mkhitaryan
54%
Nacho
54%
Oblak
54%
Thuram
54%
Adeyemi
46%
Akanji
46%
Bonucci
46%
Buffon
46%
Can
46%
Coman
46%
Davies
46%
Di Maria
46%
Goretzka
46%
Havertz
46%
Henderson
46%
Hummels
46%
Isco
46%
Kobel
46%
Marcelo
46%
Militao
46%
Navas
46%
Neuer
46%
Onana
46%
Pepe
46%
Thiago Silva
46%
Valverde
46%
Vertonghen
46%
Alex Sandro
38%
Bernat
38%
Brandt
38%
Chiellini
38%
Dybala
38%
Edouard Mendy
38%
Fabinho
38%
Fernando Torres
38%
Foden
38%
Gnabry
38%
Jorginho
38%
Kimpembe
38%
Mount
38%
Muller
38%
Pavard
38%
Schlotterbeck
38%
Son
38%
Thiago Alcantara
38%
Acerbi
31%
Alderweireld
31%
Boateng
31%
Fullkrug
31%
James
31%
Juanfran
31%
Karius
31%
Mahrez
31%
Sterling
31%
Azpilicueta
23%
Barzagli
23%
Dani Alves
23%
Dzeko
23%
Gabi
23%
Grealish
23%
Higuain
23%
Luis Diaz
23%
Milner
23%
Paredes
23%
Ryerson
23%
Sabitzer
23%
Wijnaldum
23%
Zinchenko
23%
Darmian
15%
Herrera
15%
Kehrer
15%
Pjanic
15%
Saul Niguez
15%
Werner
15%
Brozovic
8%
Chilwell
8%
Eriksen
8%
Fernandez
8%
Filipe Luis
8%
Khedira
8%
Lautaro Martinez
8%
Lovren
8%
Maatsen
8%
Rose
8%
Savic
8%
Sissoko
8%
Winks
8%
Roberston
0%
Sanchho
0%
Trippier
0%
Aucun quiz correspondant
Distribution des résultats
% des personnes avec chaque résultat
Percentile par nombre de réponses
Votre historique - résultats
Vous n’avez pas pris ce quiz